000 00973cam a2200241 i 4500
001 6942
003 Mx-PuUPA
005 20251003113024.0
008 140415s1963 mx 000 0 spa d
020 _a9786079711413
040 _cMx-PuUPA
041 0 _aspa
082 0 4 _axx
_bxx
_223
245 _aTeoría y práctica de la cooperación internacional para el desarrollo :
_buna perspectiva desde México /
_cEsther Ponce Adame, Simone Lucatello, Rafael Velázquez Flores, coordinadores
250 _aPrimera edición /
_boctubre
264 1 _aCiudad de México :
_bCentro de Gestión y Cooperación Internacional para el Desarrollo,
_c2016
300 _a257 páginas ;
_c23 cm
700 1 _aPonce Adame, Esther,
_dcoordinador
700 1 _aLucatello, Simone,
_ecoordinador
_91848
700 1 _aVelázquez Flores, Rafael,
_ecoordinador
_915608
942 _2ddc
_cLI
_hxx
_ixx
999 _c6942
_d6942